An introduction to model theory /
Guardado en:
| Autor Principal: | |
|---|---|
| Formato: | Libro |
| Idioma: | English |
| Publicado: |
Novi Sad, Yugoslavia :
University of Novi Sad, Faculty of Science, Institute of Mathematics,
1987.
|
| Materias: | |
| Etiquetas: |
Agregar Etiqueta
Sin Etiquetas, Sea el primero en etiquetar este registro!
|
| LEADER | 00703nam a22001935a 4500 | ||
|---|---|---|---|
| 001 | MAT.inmabb004093 | ||
| 008 | 881230s1987####yu#######b####001#0#eng## | ||
| 005 | 20160104192904.0 | ||
| 245 | 1 | 3 | |a An introduction to model theory / |c Zarko Mijajlovic. |
| 260 | |a Novi Sad, Yugoslavia : |b University of Novi Sad, Faculty of Science, Institute of Mathematics, |c 1987. | ||
| 300 | |a 165 p. ; |c 24 cm. | ||
| 504 | |a Incluye referencias bibliográficas (p. [159]-162) e índice. | ||
| 510 | 4 | |a MR, |c 88k:03064 | |
| 100 | 1 | |a Mijajlovic, Zarko. | |
| 650 | 0 | |a Model theory. | |
| 084 | |a 03Cxx (03C95 03G05 03C50 03C07 03C90) |2 msc2000 | ||
| 010 | |a 88172003 | ||
| 040 | |a DLC |c DLC |d DLC | ||
| 859 | |h 03 |i M6365 |p A-6910 |b BIB. MATEMATICA | ||
